00205nam a2200085Ia 4500008004100000245002800041260002200069440000600091521002200097140130s9999 xx 000 0 und d cGarth NixaSir Thursday bScholastic,c2006 v1 aGrade 5 - Grade 8